000 00852nam a2200181 i 4500
001 187689
003 ES-MaACL
005 20240828063033.0
008 180117m19451956sp |||| | spa d
100 1 _aCastañeda y Alcover, Vicente,
_d1884-1958
_936414
245 1 0 _aÍndices del Boletín de la Real Academia de la Historia /
_cpor Vicente Castañeda Alcover.
260 _aMadrid :
_b[s.n.],
_c1945-1956 (
_fViuda de Estanislao Maestre)
300 _a2 v. ;
_c25 cm.
505 8 _aContiene: Tomos I al CXV (1877-1944): índice cronológico -- Suplemento primero, tomos CXVI-CXXXVII (1945-1955) : índices cronológico, de autores y nombres propios, de materias y geográfico, de láminas
630 0 _aBoletín de la Real Academia de la Historia-
_vÍndices.
_9164092
852 _aES-MaACL
_jL-31855-56
999 _c187689
_d187689